AH International Schools' Libraries

(Khmer) learn to live on your own: (Record no. 49818)

MARC details
000 -LEADER
fixed length control field 00346nam a2200109 4500
100 ## - MAIN ENTRY--PERSONAL NAME
Personal name Yos Vesna.
9 (RLIN) 86956
245 ## - TITLE STATEMENT
Title (Khmer) learn to live on your own:
Remainder of title empowering youth to build a prosperous future with hope /
Statement of responsibility, etc Yos Vesna.
260 ## - PUBLICATION, DISTRIBUTION, ETC. (IMPRINT)
Place of publication, distribution, etc Cambodia:
Date of publication, distribution, etc 2025.
300 ## - PHYSICAL DESCRIPTION
Extent 113 p.
Dimensions 20 cm.
650 ## - SUBJECT ADDED ENTRY--TOPICAL TERM
Topical term or geographic name as entry element Self - help.
9 (RLIN) 86957
942 ## - ADDED ENTRY ELEMENTS (KOHA)
Source of classification or shelving scheme
Koha item type Khmer NON FIC Books
Holdings
Withdrawn status Lost status Source of classification or shelving scheme Damaged status Not for loan Collection code Home library Current library Date acquired Full call number Barcode Date last seen Price effective from Koha item type
          Siem Riep Asian Hope Secondary Library Asian Hope Secondary Library 11/26/2025 KHMER 646.7 YOS 208808 01/16/2026 11/26/2025 Khmer NON FIC Books

For any Logos Library related questions please contact Miss Art at swongnarasuk@asianhope.org.

For any Asian Hope Library related questions please contact Miss Raza at graza@asianhope.org.

Click here to explore our ebooks!

Powered by Koha